Reprezentanci Polski w piłce nożnej o tym samym nazwisku. - Statystyki

Ogólne statystyki
  • Ten quiz został rozwiązany 67 razy
  • Średni wynik to 8 z 13
Statystyki odpowiedzi
Hint Odpowiedź % Poprawnych
Mariusz, Robert Lewandowski
94%
Włodzimierz, Euzebiusz Smolarek
94%
Maciej, Wojciech Szczęsny
90%
Sebastian, Damian Szymański
90%
Roman, Jakub Kosecki
75%
Michał, Marcin Żewłakow
70%
Tomasz, Przemysław Frankowski
67%
Stefan, Radosław Majewski
63%
Edward, Mirosław Szymkowiak
40%
Seweryn, Janusz Gancarczyk
37%
Tadeusz, Piotr, Krzysztof Nowak
30%
Antoni, Henryk Szymanowski
22%
Jan, Marcin Jałocha
10%
Nie znaleziono quizów pasujących do podanych kryteriów
Rozkład punktacji
Procent ludzi z każdym wynikiem
Percentyl według liczby udzielonych odpowiedzi
Twoja historia wyników
Nie rozwiązałeś tego quizu